KOHA-Header-6

An Introduction To Multicomplex Spaces And Functions (Record no. 6805)

000 -LEADER
fixed length control field 00293nam a2200121Ia 4500
020 ## - INTERNATIONAL STANDARD BOOK NUMBER
ISBN 978-0367403119
082 ## - DEWEY DECIMAL CLASSIFICATION NUMBER
Classification number 512.55
100 ## - MAIN ENTRY--AUTHOR NAME
Personal name Price,G .Baley.
245 #3 - TITLE STATEMENT
Title An Introduction To Multicomplex Spaces And Functions
260 ## - PUBLICATION, DISTRIBUTION, ETC. (IMPRINT)
Place of publication New York
Name of publisher Mc Graw Hill
Year of publication 1991
300 ## - PHYSICAL DESCRIPTION
Number of Pages 402
942 ## - ADDED ENTRY ELEMENTS (KOHA)
Koha item type Books
Holdings
Withdrawn status Lost status Collection code Permanent Location Current Location Shelving location Date acquired Full call number Accession Number Koha item type
    Statistics MAJU MAJU Shelf No.A27 2019-09-11 004.33 275 Statistics

Powered by Koha